000 00241nam a2200085Ia 4500
008 170620s9999 xx 000 0 und d
100 _aChaturvedi- Ramesh
245 0 _aGuidance and Counseling Skills
260 _bNew Delhi- Crescent Publishing Corporation
260 _c2007
999 _c24651
_d24651